| 000 | 00641 a2200193 4500 | ||
|---|---|---|---|
| 003 | Nust | ||
| 005 | 20221019091648.0 | ||
| 020 | _a8129706156 | ||
| 040 | _cNust | ||
| 082 | _a005.8,CON | ||
| 100 |
_aConvery, Sean _968577 |
||
| 245 |
_aNetwork security architectures / _cSean Convery |
||
| 250 | _alow priced | ||
| 260 |
_aNew York _bCisco systems _c2004 |
||
| 300 | _axxxix,739p | ||
| 505 | _aNetwork Security Foundations (Page-3), Designing Secure Networks (Page-169), Secure Network Design (Page-479), Network Management Case Studies and Conclusions (Page-589). | ||
| 650 |
_aNetwork security _960225 |
||
| 942 |
_2ddc _cBK _k005.8,CON |
||
| 999 |
_c189055 _d189055 |
||